000 00491 a2200181 4500
005 20260520092716.0
008 260519b |||||||| |||| 00| 0 eng d
020 _a9781292220178
082 _a658.8
_bKOT-P
100 _aKotler, Philip
_aArmstrong, Gary
245 _aPrinciples of Marketing
250 _a17th Ed
260 _aUnited Kingdom
_bPearson
_c2018
300 _a734p.
504 _aIncludes Appendix, Glossary and reference
650 _aMarketing Management
942 _cBK
999 _c47617
_d47617